000 00476nam a22001577a 4500
020 _a9789383144099
082 _aH1
_bRAM/J
100 _aRamachandra Shukla
_947031
245 _aJayasi granthawali/
_cby Ramachandra Shukla
260 _aKanpur:
_bShubam Publications,
_c2016.
300 _a495p.
650 _aPoetry Hindi
_947032
650 _aLiterature Hindi
_947033
650 _aLiterature
_947034
942 _cBK
999 _c71737
_d71737